| 000 | 00393nam a22001577a 4500 | ||
|---|---|---|---|
| 003 | OSt | ||
| 020 | _a0201734117 | ||
| 040 | _c0 | ||
| 082 |
_222 _a005.13 |
||
| 100 | _aBox, Don and Sells, Chris. | ||
| 245 |
_aEssential net : _bthe common language runtime / |
||
| 260 |
_aWashington , _bMicrosoft corporation, _cc2003. |
||
| 300 |
_axxiii, 405 p. ; _bill. ; |
||
| 400 | _av -1 | ||
| 942 |
_2ddc _cIT |
||
| 999 |
_c4531 _d4531 |
||